书目信息 |
| 题名: |
感悟生活
|
|
| 作者: | 刘大为 主编 | |
| 分册: | ||
| 出版信息: | 北京 北京工艺美术出版社 2007.01 |
|
| 页数: | 165页 | |
| 开本: | 29cm | |
| 丛书名: | ||
| 单 册: | ||
| 中图分类: | J222.7 | |
| 科图分类: | ||
| 主题词: | 中国画--zhong guo hua--中国--现代--作品集 | |
| 电子资源: | ||
| ISBN: | 978-7-80526-638-1 | |
| 000 | 00875nam0 2200229 450 | |
| 001 | 012007227172 | |
| 005 | 20071008103708.03 | |
| 010 | @a978-7-80526-638-1@dCNY78.00 | |
| 100 | @a20070726d2007 km y0chiy0120 ea | |
| 101 | 0 | @achi |
| 102 | @aCN@b110000 | |
| 105 | @aac z 000yy | |
| 200 | 1 | @a感悟生活@Agan wu sheng huo@e中国画研究院 (2005) 人物画高研班作品集@f刘大为主编@Fliu da wei zhu bian |
| 210 | @a北京@c北京工艺美术出版社@d2007.01 | |
| 215 | @a165页@c图, 肖像@d29cm | |
| 330 | @a本书收录内容有:春到北方、关东马市、关东映象、课堂写生、似水年华、矿山兄弟、远方、抗联之歌等。 | |
| 517 | 1 | @a中国画研究院 (2005) 人物画高研班作品集@Azhong guo hua yan jiu yuan(2005)ren wu hua gao yan ban zuo pin ji |
| 606 | 0 | @a中国画@Azhong guo hua@y中国@z现代@j作品集 |
| 690 | @aJ222.7@v4 | |
| 701 | 0 | @a刘大为@Aliu da wei@4主编 |
| 801 | 0 | @aCN@c20071008 |
| 905 | @dJ222.7@eL607 | |
| 感悟生活:中国画研究院 (2005) 人物画高研班作品集/刘大为主编.-北京:北京工艺美术出版社,2007.01 |
| 165页:图, 肖像;29cm |
| ISBN 978-7-80526-638-1:CNY78.00 |
| 本书收录内容有:春到北方、关东马市、关东映象、课堂写生、似水年华、矿山兄弟、远方、抗联之歌等。 |
| ● |
| 相关链接 |
|
|
|
正题名:感悟生活
索取号:J222.7/L607
 
预约/预借
| 序号 | 登录号 | 条形码 | 馆藏地/架位号 | 状态 | 备注 |
| 1 | 249795 | 202497958 | 社科库309/309社科库 75排2列6层/ [索取号:J222.7/L607] | 在馆 | |
| 2 | 249796 | 202497967 | 社科库309/309社科库 75排2列6层/ [索取号:J222.7/L607] | 在馆 |